00908 2200337 4500001002100000005001500021035002000036007000300056040001700059100003000076245004100106250001200147300003300159020002200192041000800214082001100222084001700233090001700250264003600267336002100303337003000324338002300354650001400377700004000391850001000431008004100441990002200482990002200504990002200526990002200548INLIS00000000000734320260602033245 a0010-0822000317ta aSBPUPADbind0 aRatih MaharaniePengarang1 aAku Mengenal Huruf /cRatih Maharani a.-cet 1 a34 hlm. :bilus. ;c20x28 cm a978-623-7230-14-407aind a372.21 a372.21 RAT m a372.21 RAT m a.--Yogyakarta :bRainbow,c2019 2rdacontentateks 2rdamediaatanpa perantara 2rdacarrieravolume 4aPelajaran0 aIlustrator, Narda DavinaePengarang aPUPAD260602 0  a36.671/B/DPK/2022 a36.669/B/DPK/2022 a36.671/B/DPK/2022 a36.670/B/Dpk/2022